[Event "New Providence Invitational"]
[Site "Nassau BAH"]
[Date "2006.08.16"]
[Round "8"]
[White "Lorne,M"]
[Black "Blackman,J"]
[Result "1-0"]
[WhiteElo "2097"]
[BlackElo "1984"]

1.d4 d5 2.c4 e6 3.Nc3 Be7 4.Nf3 Nf6 5.Bf4 c6 6.e3 Nbd7 7.h3 O-O 8.Bd3 dxc4
9.Bxc4 c5 10.O-O cxd4 11.exd4 a6 12.Qe2 b5 13.Bb3 Nb6 14.Rad1 Bb7 15.Rfe1 Nbd5
16.Bh2 Nxc3 17.bxc3 Bd5 18.Ne5 Rc8 19.c4 bxc4 20.Nxc4 Ne4 21.Qd3 Nf6 22.Be5 Rc6
23.g4 h6 24.Bxf6 Bxf6 25.Ne5 Rc7 26.Qxa6 Bxb3 27.axb3 Qd5 28.Qd3 Rfc8 29.Nc4 Rb8
30.Qe3 h5 31.Rd3 hxg4 32.hxg4 g6 33.Qf4 Qd8 34.Red1 Rcb7 35.Qf3 Kg7 36.d5 exd5
37.Rxd5 Qe7 38.R5d3 Rh8 39.Na5 Rc7 40.Nc6 Qc5 41.Rd6 Qg5 42.R6d5 Qh4 43.Rd7 Rxd7
44.Rxd7 Re8 45.Rd1 Re6 46.Nb4 Be5 47.Nd5 Bh2+ 48.Kf1 Be5 49.b4 Ra6 50.b5 Ra4
51.Ne3 Rf4 52.Qg2 Bd4 53.Rd3 Qg5 54.Qc6 Rf6 55.Qe4 Bxe3 56.Qxe3 Qxb5 57.Qd4 Kg8
58.Qxf6 Qxd3+ 59.Kg2 Qd5+ 60.f3 Qd2+ 61.Kg3 g5 62.Qe5 Qd8 63.Kf2 f6 64.Qe6+ Kg7
65.Qe4 Qd7 66.Kg3 Qc7+ 67.Kg2 Kh6 68.Qf5 Qd6 69.Qc2 Qf4  1-0

[Event "Canadian Closed zt"]
[Site "Toronto CAN"]
[Date "2006.08.19"]
[Round "2"]
[White "Belc,D"]
[Black "Kagramanov,D"]
[Result "1/2-1/2"]
[WhiteElo "2064"]
[BlackElo "2076"]

1.d4 d5 2.c4 e6 3.Nc3 Nf6 4.Nf3 Be7 5.Bf4 dxc4 6.e3 a6 7.Bxc4 b5 8.Bd3 Bb7
9.Qc2 Nbd7 10.e4 c5 11.O-O c4 12.Be2 b4 13.Nb1 Bxe4 14.Qxc4 Nd5 15.Bg3 O-O
16.Nbd2  1/2-1/2

[Event "23rd Open"]
[Site "Collado Villalba ESP"]
[Date "2006.08.20"]
[Round "2"]
[White "Valles Moreno,I"]
[Black "Adedeji,A"]
[Result "1-0"]
[WhiteElo "2356"]
[BlackElo "2108"]

1.d4 d5 2.c4 e6 3.Nc3 Nf6 4.Nf3 Be7 5.Bf4 O-O 6.e3 c6 7.a3 dxc4 8.Bxc4 Nd5
9.O-O Nxf4 10.exf4 Nd7 11.Qc2 Nf6 12.Rad1 Bd6 13.Ne5 Nd5 14.g3 Bd7 15.Ne4 Be8
16.Ng5 g6 17.Rfe1 Bd7 18.h4 Nf6 19.Kg2 Bxe5 20.dxe5 Nd5 21.h5 Kg7 22.Rh1 h6
23.hxg6 fxg6 24.Rxh6  1-0

[Event "23rd Open"]
[Site "Collado Villalba ESP"]
[Date "2006.08.21"]
[Round "3"]
[White "Pogorelov,R"]
[Black "Lopez Pais,F"]
[Result "1-0"]
[WhiteElo "2395"]
[BlackElo "1878"]

1.Nf3 d5 2.d4 Nf6 3.c4 e6 4.Nc3 Be7 5.Bf4 c6 6.e3 Nbd7 7.c5 Nf8 8.h3 Ng6
9.Bh2 O-O 10.Bd3 Nd7 11.O-O f5 12.b4 Nf6 13.Ne5 Bd7 14.f3 Be8 15.Qc2 Nd7
16.Ne2 Bh4 17.f4 Be7 18.g4 Nh4 19.Bg3 g5 20.Bxh4 gxh4 21.gxf5 Kh8 22.fxe6 Rg8+
23.Kh2 Nxe5 24.dxe5 b6 25.Rg1 Bh5 26.Bxh7 Rxg1 27.Rxg1 Qc7 28.Bg6 Bf3 29.Nd4  1-0

[Event "23rd Open"]
[Site "Collado Villalba ESP"]
[Date "2006.08.22"]
[Round "4"]
[White "Valles Moreno,I"]
[Black "Pastor Alonso de Prado,A"]
[Result "1-0"]
[WhiteElo "2356"]
[BlackElo "2230"]

1.d4 d5 2.c4 e6 3.Nc3 Nf6 4.Nf3 Be7 5.Bf4 c5 6.dxc5 Bxc5 7.e3 Nc6 8.a3 a6
9.Qc2 Qe7 10.Rd1 d4 11.exd4 Nxd4 12.Nxd4 Bxd4 13.Be2 e5 14.Bg5 Bxc3+ 15.Qxc3 h6
16.Bh4 O-O 17.O-O Bf5 18.Qb4 Qxb4 19.axb4 Rfe8 20.f3 g5 21.Bf2 Rad8 22.Bb6 Rxd1
23.Rxd1 Nd7 24.Bf2 Kg7 25.c5 Nb8 26.b5 axb5 27.Bxb5 Nc6 28.b4 Rc8 29.Be1 Nd4
30.Bf1 Bc2 31.Ra1 Kf6 32.Ra7 Rb8 33.b5 Bb3 34.Bb4 Bd5 35.Bd3 Ke6 36.Ra1 f6
37.Kf2 Rc8 38.Rc1 h5 39.h4 g4 40.fxg4 hxg4 41.h5 g3+ 42.Kf1 Rh8 43.Bg6 Nxb5
44.Be1 Nd4 45.Bxg3 Nf5 46.Be1 Ne7 47.Bd3 Rxh5 48.Rb1 e4 49.Rb6+ Ke5 50.Bb5 Rh1+
51.Ke2 Nf5 52.Bc3+ Nd4+ 53.Ke3  1-0

[Event "Open"]
[Site "Brasschaat BEL"]
[Date "2006.08.24"]
[Round "6"]
[White "Sadkowsky,D"]
[Black "Van Bunderen,G"]
[Result "1-0"]
[WhiteElo "2304"]
[BlackElo "1825"]

1.d4 d5 2.c4 e6 3.Nc3 Be7 4.Nf3 Nf6 5.Bf4 c6 6.e3 O-O 7.h3 Nbd7 8.Qc2 a6
9.Rd1 Qa5 10.Nd2 Re8 11.Be2 Bf8 12.O-O Qd8 13.a3 dxc4 14.Nxc4 Nb6 15.e4 Nxc4
16.Bxc4 g6 17.Ba2 Bd7 18.Bg5 h6 19.Bh4 g5 20.Bg3 Kg7 21.e5 Nh5 22.Bb1 f5
23.exf6+ Nxf6 24.Qg6+ Kh8 25.Be5 Bg7 26.Bxf6  1-0

[Event "Adolfo Pedrido Mem"]
[Site "Vilagarcia de Arousa ESP"]
[Date "2006.08.26"]
[Round "2"]
[White "Muniz Vicente,J"]
[Black "Dobrev,N"]
[Result "0-1"]
[WhiteElo "1797"]
[BlackElo "2422"]

1.d4 d5 2.c4 e6 3.Nc3 Be7 4.Nf3 Nf6 5.Bf4 O-O 6.e3 a6 7.a3 Nbd7 8.Bd3 dxc4
9.Bxc4 b5 10.Bd3 c5 11.dxc5 Nxc5 12.Bc2 Bb7 13.Qxd8 Rfxd8 14.Ke2 Nd5 15.Be5 Nxc3+
16.Bxc3 Bd5 17.Nd2 a5 18.e4 Bb7 19.f3 b4 20.axb4 Ba6+ 21.Ke3 Nd3 22.Rxa5 Nxb4
23.Rc1 Rac8 24.Nb3 Bc4 25.Nd4 Bc5 26.Rxc5 Nxc2+ 27.Rxc2 Rxc5 28.f4 e5 29.fxe5 Rxe5
30.Nf5 Rxe4+ 31.Kxe4 Bd3+ 32.Kf4 Bxc2 33.Bxg7  0-1

[Event "VIII Open"]
[Site "Sants ESP"]
[Date "2006.08.27"]
[Round "3"]
[White "Giorgadze,G1"]
[Black "Ryan,Jo"]
[Result "1-0"]
[WhiteElo "2607"]
[BlackElo "2330"]

1.d4 e6 2.c4 d5 3.Nc3 Be7 4.Nf3 Nf6 5.Bf4 O-O 6.e3 c5 7.dxc5 Bxc5 8.cxd5 Nxd5
9.Nxd5 exd5 10.a3 Nc6 11.Bd3 Bb6 12.O-O Bg4 13.Rc1 Rc8 14.h3 Bh5 15.Bf5 Ra8
16.b4 a6 17.Bg4 Bxg4 18.hxg4 Qd7 19.g5 Rfe8 20.Qd3 Qe6 21.Rfd1 Red8 22.b5 axb5
23.Qxb5 Ra6 24.Rc3 d4 25.exd4 Qd5 26.Qxd5 Rxd5 27.Be3 Bd8 28.Rb1 b5 29.Rc5 Rxc5
30.dxc5 Rxa3 31.Rxb5 Ra1+ 32.Kh2 Ra4 33.Rb7 Kf8 34.Rd7 Ke8 35.Rd1 f6 36.g3 fxg5
37.Nxg5 Bxg5 38.Bxg5 Nd4 39.Kg2 Ne6 40.Be3 Rc4 41.Rd5 g6 42.Kf3 Ke7 43.Ke2 h5
44.Kd3 Ra4 45.Kc3 h4 46.Kb3 Re4 47.gxh4 Rxh4 48.c6 Re4 49.Rd7+ Kf6 50.c7 Nxc7
51.Rxc7 g5 52.Rc6+ Kf7  1-0

[Event "II Magistral"]
[Site "Guarapari BRA"]
[Date "2006.08.31"]
[Round "4"]
[White "Hernandez,Gu DOM"]
[Black "Cantarino,M"]
[Result "1-0"]
[WhiteElo "2329"]
[BlackElo "2194"]

1.Nf3 Nf6 2.c4 e6 3.Nc3 d5 4.d4 Be7 5.Bf4 O-O 6.e3 c5 7.dxc5 dxc4 8.Bxc4 Bxc5
9.Qe2 a6 10.Rd1 Qa5 11.O-O Nc6 12.e4 b5 13.Bd3 Qb6 14.e5 Nh5 15.Bc1 f5 16.exf6 Nxf6
17.Ne4 Nd4 18.Nxf6+ Rxf6 19.Nxd4 Bxd4 20.Bxh7+ Kxh7 21.Qe4+ Rg6 22.Qxd4 Qxd4
23.Rxd4 Bb7 24.f3 Rc8 25.Be3 Bd5 26.a3 Rc2 27.Rf2 Rc8 28.h4 Rf6 29.Rg4 Rf5
30.Bd4 g6 31.Be3 Rc7 32.Re2 Rcf7 33.Bd4 Rf8 34.Kf2 Rc8 35.Bc3 Rc7 36.Re3 Rcf7
37.Rd4 Rf8 38.Rd1 R8f7 39.Be5 Rf8 40.Rc1 Bc4 41.b3 Bd5 42.Rc5 Rd8 43.Rc7+  1-0

[Event "5th Kesarovski - Georgiev Mem"]
[Site "Sunny Beach BUL"]
[Date "2006.09.04"]
[Round "3"]
[White "Tomov,G"]
[Black "Yermishin,V"]
[Result "1-0"]
[WhiteElo "2292"]
[BlackElo "2410"]

1.Nf3 d5 2.d4 Nf6 3.c4 e6 4.Nc3 Be7 5.Bf4 O-O 6.e3 c6 7.Qc2 Nbd7 8.h3 Re8
9.Bd3 dxc4 10.Bxc4 Nf8 11.O-O-O b5 12.Bd3 Qb6 13.Bg5 Bb7 14.Bxf6 Bxf6 15.Ne4 Be7
16.Nc5 Rac8 17.Kb1 Red8 18.h4 Ba8 19.g4 Qc7 20.g5 Bd6 21.h5 Re8 22.g6 fxg6
23.hxg6 h6 24.Rh5 Qe7 25.Ne5 Bxc5 26.dxc5 Red8 27.Nf7 Rd5 28.Rdh1 Rxh5 29.Rxh5 Nd7
30.Qc3 Nf6 31.Rh1 Rc7 32.Bc2 Bb7 33.Qe5 Ng4 34.Qf4 Nf6 35.Rxh6 gxh6 36.Qxh6 Qxf7
37.gxf7+ Rxf7 38.Qg5+ Kh8 39.Bg6 Rf8 40.Qh6+ Kg8 41.e4  1-0

[Event "5th Open"]
[Site "Istanbul TUR"]
[Date "2006.09.06"]
[Round "8"]
[White "Magalashvili,D"]
[Black "Neverov,V"]
[Result "1-0"]
[WhiteElo "2459"]
[BlackElo "2556"]

1.c4 e6 2.Nc3 d5 3.d4 Be7 4.Nf3 Nf6 5.Bf4 O-O 6.e3 Nbd7 7.a3 c5 8.cxd5 Nxd5
9.Nxd5 exd5 10.dxc5 Nxc5 11.Be5 Bf5 12.Be2 Be4 13.O-O Bf6 14.Bxf6 Qxf6 15.Qd4 Nb3
16.Qxf6 gxf6 17.Rad1 Rac8 18.Bd3 Rfd8 19.Nh4 Bg6 20.Nxg6 hxg6 21.Bb1 Na5
22.Rfe1 Nc4 23.Re2 Rd6 24.g3 Rb6 25.Ba2 Nxb2 26.Rxd5 Rc1+ 27.Kg2 Ra1 28.Rd8+ Kg7
29.Bd5 Nd3 30.f4 Nc5 31.Rc2 Rb5 32.e4 f5 33.exf5 gxf5 34.Re2 Rd1 35.Re5 Ne6
36.Rd7 Rb2+ 37.Kh3 Rdd2 38.Rxf5 Rxh2+ 39.Kg4 Kg6  1-0

[Event "5th Open"]
[Site "Izmir TUR"]
[Date "2006.09.13"]
[Round "4"]
[White "Esen,B"]
[Black "Secer,A"]
[Result "1/2-1/2"]
[WhiteElo "2459"]
[BlackElo "2267"]

1.d4 d5 2.c4 e6 3.Nf3 Nf6 4.Nc3 Be7 5.Bf4 O-O 6.e3 c5 7.dxc5 Bxc5 8.Qc2 Nc6
9.Rd1 Qa5 10.Be2 dxc4 11.Bxc4 Be7 12.O-O e5 13.Bg3 Bg4 14.Nd5 Bd8 15.Nxf6+ Bxf6
16.Qe4 Bxf3 17.gxf3 Rad8 18.Bd5 Qb6 19.Bxc6 Qxc6 20.Qxc6 bxc6 21.Rc1 h5 22.h3 Rd2
23.Rxc6 Rxb2 24.Ra6 h4 25.Bh2 Rd8 26.Rxa7 Rdd2 27.a4 Ra2 28.Ra5 Kh7 29.Bxe5 Bxe5
30.Rxe5 Rxa4 31.f4 g6 32.Kg2 Raa2 33.Rg5 f5 34.Kf3 Rdb2 35.Rg2 Rc2 36.Rd1 Rc6
37.Rd7+ Kh6 38.Rb7 Rd6 39.Rf7 Rc6 40.Rf8 Kh7 41.Rf7+ Kh6 42.Rg1 Rcc2 43.Rg2  1/2-1/2

[Event "XVI WSen"]
[Site "Arvier ITA"]
[Date "2006.09.14"]
[Round "4"]
[White "Jakobsen,O"]
[Black "Veselsky,J"]
[Result "1-0"]
[WhiteElo "2387"]
[BlackElo "2169"]

1.d4 d5 2.Nf3 Nf6 3.c4 e6 4.Nc3 Be7 5.Bf4 O-O 6.e3 c5 7.dxc5 Bxc5 8.a3 a5
9.Qc2 Qe7 10.Rd1 Rd8 11.Bg5 dxc4 12.Rxd8+ Qxd8 13.Bxc4 Nc6 14.O-O Be7 15.Rd1 Bd7
16.Ba2 h6 17.Bf4 Rc8 18.Qe2 Qb6 19.h3 Be8 20.e4 Rd8 21.Rxd8 Qxd8 22.e5 Nh7
23.Bb1 Nf8 24.Qe3 b6 25.Qe4 Bc5 26.Be3 Bxe3 27.Qxe3 Ne7 28.Nd4 Nd5 29.Nxd5 Qxd5
30.Be4 Qc5 31.f4 g6 32.Kf2 Bd7 33.Ne2 Qb5 34.Qc3 Qa4 35.Nd4 Qd1 36.Bf3 Qa4
37.Ke3 g5 38.g3 gxf4+ 39.gxf4 Ng6 40.Qc1 Be8 41.Bc6 Bxc6 42.b3 Qxd4+ 43.Kxd4 Ne7
44.Ke3 Kf8 45.Kf2 b5 46.f5 exf5 47.Qxh6+ Ke8 48.Qd6 Bd7 49.h4 a4 50.b4 f4
51.h5 Nf5 52.Qf6 Ng3 53.Qxf4 Nxh5 54.Qg5  1-0

[Event "XVI WSen w"]
[Site "Arvier ITA"]
[Date "2006.09.19"]
[Round "8"]
[White "Beliaeva,N"]
[Black "Khmiadashvili,T"]
[Result "0-1"]
[WhiteElo "2078"]
[BlackElo "2210"]

1.d4 Nf6 2.Nf3 d5 3.c4 e6 4.Nc3 Be7 5.Bf4 O-O 6.Rc1 c6 7.e3 Nbd7 8.Bd3 dxc4
9.Bxc4 Nd5 10.Nxd5 exd5 11.Bd3 Qa5+ 12.Nd2 Qxa2 13.Qc2 h6 14.O-O Qa5 15.e4 Nf6
16.e5 Ne8 17.Nb3 Qd8 18.Qd2 g5 19.Be3 f5 20.exf6 Bxf6 21.h4 Nd6 22.hxg5 Bxg5
23.f4 Bh4 24.Nc5 b6 25.Nb3 Bd7 26.g3 Bf6 27.Qh2 Qe7 28.Rce1 Qg7 29.f5 Bg5
30.g4 Bxe3+ 31.Rxe3 Nxf5 32.Bxf5 Bxf5 33.Qh4 Be4 34.Rh3 Rxf1+ 35.Kxf1 Rf8+
36.Ke2 Qf6 37.Qxf6 Rxf6 38.Nd2 Re6 39.Kf2 Kg7 40.b4 Bg6 41.Ra3 Re7 42.Rc3 Be8
43.Ra3 Kf6 44.Kg3 h5 45.Nf3 hxg4 46.Kxg4 Ke6 47.Ne5 Kd6 48.Kf4 Rh7 49.Rg3 Rh4+
50.Ke3 c5 51.bxc5+ bxc5 52.Nf3 Re4+ 53.Kd3 Bb5+ 54.Kd2 cxd4  0-1

[Event "EU-chB18"]
[Site "Herceg Novi MNE"]
[Date "2006.09.19"]
[Round "9"]
[White "Vernay,C"]
[Black "Glud,J"]
[Result "0-1"]
[WhiteElo "2321"]
[BlackElo "2418"]

1.d4 d5 2.c4 e6 3.Nc3 Be7 4.Nf3 Nf6 5.Bf4 O-O 6.e3 c5 7.cxd5 Nxd5 8.Nxd5 exd5
9.dxc5 Bxc5 10.a3 Nc6 11.Bd3 Bb6 12.Ng5 h6 13.Qh5 f5 14.h4 Qf6 15.Rd1 Bd7
16.Bb1 Ne7 17.Qe2 hxg5 18.hxg5 Qe6 19.Qh5 Qg6 20.Qh4 Kf7 21.Ba2 Be6 22.Qg3 Rh8
23.Ke2 d4  0-1

[Event "Bygger'n Masters"]
[Site "Gausdal NOR"]
[Date "2006.09.24"]
[Round "1"]
[White "Akesson,R"]
[Black "Wilsbeck,J"]
[Result "1-0"]
[WhiteElo "2449"]
[BlackElo "1931"]

1.Nf3 Nf6 2.c4 e6 3.Nc3 d5 4.d4 Be7 5.Bf4 O-O 6.e3 c6 7.Qc2 Nbd7 8.h3 Qa5
9.Rc1 Ne4 10.Bd3 f5 11.O-O g5 12.Bh2 h5 13.cxd5 exd5 14.Ne2 Qd8 15.Ne5 Nxe5
16.Bxe5 Be6 17.f3 Nd6 18.h4 Qd7 19.hxg5 Bxg5 20.Kf2 Nf7 21.Bf4 Rae8 22.Rh1 Qe7
23.Rxh5 Bc8 24.Bxf5 Bxf4 25.Nxf4 Qxe3+ 26.Kg3 Nh8 27.Be6+  1-0

[Event "Vojvodina Quality League m"]
[Site "Sremska Mitrovica SRB"]
[Date "2006.09.25"]
[Round "6"]
[White "Kostic,Brani"]
[Black "Miljkovic,V"]
[Result "1/2-1/2"]
[WhiteElo "2286"]
[BlackElo "2241"]

1.d4 Nf6 2.c4 e6 3.Nf3 d5 4.Nc3 Be7 5.Bf4 O-O 6.e3 c5 7.Qc2 Qa5 8.Be2 cxd4
9.exd4 dxc4 10.O-O b5 11.a4 b4 12.Ne4 Nd5 13.Bg5 b3 14.Qc1 Bxg5 15.Qxg5 h6
16.Qg3 Ba6 17.Nc5 Nc6 18.Rac1 Nb6 19.Rfd1 Rfd8 20.Nxb3 cxb3 21.Bxa6 Nxd4
22.Nxd4 Qxa6 23.Qxb3 Qxa4 24.Qxa4 Nxa4 25.b3 Nb6 26.Nc6 Rxd1+ 27.Rxd1 Kf8  1/2-1/2

[Event "XVI Gros Open"]
[Site "San Sebastian ESP"]
[Date "2006.09.27"]
[Round "7"]
[White "Argandona Rivero,I"]
[Black "Torres,P"]
[Result "1-0"]
[WhiteElo "2366"]
[BlackElo "2040"]

1.d4 d5 2.c4 e6 3.Nc3 Nf6 4.Nf3 Be7 5.Bf4 O-O 6.e3 b6 7.Rc1 c5 8.cxd5 cxd4
9.Qxd4 Nxd5 10.Nxd5 Qxd5 11.Qxd5 Bb4+ 12.Qd2  1-0

[Event "X Itau Cup"]
[Site "Sao Paulo BRA"]
[Date "2006.09.29"]
[Round "8"]
[White "Milos,G"]
[Black "Vescovi,G"]
[Result "0-1"]
[WhiteElo "2563"]
[BlackElo "2619"]

1.d4 Nf6 2.c4 e6 3.Nf3 d5 4.Nc3 Be7 5.Bf4 O-O 6.e3 Nbd7 7.c5 c6 8.h3 b6 9.b4 a5
10.a3 Bb7 11.Bd3 Qc8 12.Rc1 axb4 13.axb4 Ba6 14.b5 cxb5 15.c6 Qxc6 16.Ne4 Nc5
17.Nxf6+ Bxf6 18.dxc5 bxc5 19.Ne5 Qc7 20.Ng4 Qa5+ 21.Qd2 Qxd2+ 22.Kxd2 Be7
23.Ne5 c4 24.Be2 Bb7 25.Ra1 Rfd8 26.Nf3 f6 27.Bc7 Rdc8 28.Rxa8 Rxa8 29.Rb1 b4
30.Nd4 Ra2+ 31.Ke1 b3 32.Bd1 Ba6 33.Nc6 Bc5 34.Bg4 c3  0-1

[Event "Tatry Open"]
[Site "Tatranske Zruby SVK"]
[Date "2006.09.30"]
[Round "9"]
[White "Behul,B"]
[Black "Jurcisin,I"]
[Result "1/2-1/2"]
[WhiteElo "2168"]
[BlackElo "2125"]

1.d4 d5 2.Nf3 Nf6 3.c4 e6 4.Nc3 Be7 5.Bf4 O-O 6.h3 c5 7.dxc5 Bxc5 8.e3 Nc6
9.a3 Bd6 10.Bxd6 Qxd6 11.cxd5 exd5 12.Nb5 Qe7 13.Be2 Be6 14.O-O Ne4 15.Rc1 f5
16.Nfd4 Rac8 17.Nxe6 Qxe6 18.Nd4 Qf6 19.Qa4 Nxd4 20.exd4 Qb6 21.Rxc8 Rxc8
22.Qd7 Rd8 23.Qe7 Rf8 24.Qe5 Qxb2 25.Qxd5+ Kh8 26.Bd3 Qxa3 27.Bxe4 fxe4 28.Qxe4 Qd6
29.Ra1 a6 30.Qxb7 Qxd4 31.Qxa6 Qxf2+ 32.Kh1 h6  1/2-1/2

[Event "7th Veselin Boskovic Mem Op"]
[Site "Beograd SRB"]
[Date "2006.10.09"]
[Round "7"]
[White "Marcetic,N"]
[Black "Abramovic,B"]
[Result "1/2-1/2"]
[WhiteElo "2367"]
[BlackElo "2524"]

1.d4 d5 2.c4 e6 3.Nc3 Be7 4.Nf3 Nf6 5.Bf4 c6 6.e3 Nh5 7.c5 Nd7 8.h3 Nxf4
9.exf4 b6 10.b4 bxc5 11.bxc5 Qa5 12.Rc1 Rb8 13.Be2 Ba6 14.O-O O-O 15.Qc2 Rb4
16.Bxa6 Qxa6 17.Rb1 Rfb8 18.Rxb4 Rxb4 19.Rb1 Qc4 20.Rxb4 Qxb4 21.Qb3 Qxb3
22.axb3 f6 23.Na4 Bd8 24.Nb2 Ba5 25.Nd3 Bc3 26.Kf1 Nb8 27.Ke2 Na6 28.Ke3 Nc7
29.Ng1 Nb5 30.Ne2 Ba5 31.Nec1 Kf7 32.Na2 Ke7 33.Nab4 Kd7 34.g4 Bc7 35.Na6 Ba5
36.Ndb4 Bxb4 37.Nxb4 a5 38.Nd3 Ke7 39.Ne1 h6 40.h4 Nc3 41.Kd3 Nb5 42.Nf3 Kf7
43.h5 Nc7 44.f5 exf5 45.gxf5 Ke7 46.Nh4 Kd7 47.Ng6 Ke8 48.Nf4 Ke7 49.Ke2 Kd7  1/2-1/2

[Event "22nd ECU Club Cup"]
[Site "Feugen AUT"]
[Date "2006.10.09"]
[Round "2"]
[White "Efimov,Ig"]
[Black "Shengelia,D"]
[Result "0-1"]
[WhiteElo "2412"]
[BlackElo "2504"]

1.d4 d5 2.c4 e6 3.Nf3 Nf6 4.Nc3 Be7 5.Bf4 O-O 6.e3 c6 7.Bd3 Nbd7 8.Qc2 h6
9.h3 dxc4 10.Bxc4 b5 11.Be2 Bb7 12.O-O a6 13.Rfd1 c5 14.dxc5 Bxc5 15.Ne5 Qe7
16.Nxd7 Nxd7 17.Ne4 Rac8 18.Nxc5 Nxc5 19.Bf1 Na4 20.Qe2 Qf6 21.Rd2 Bd5 22.Qh5 g5
23.Bg3 Nxb2 24.Re1 Bc4 25.h4 Rfd8 26.Rxd8+ Rxd8 27.f4 Qg6 28.Qxg6+ fxg6 29.fxg5 hxg5
30.hxg5 Rd2 31.Be5 Bxf1 32.Bxb2 Rxg2+ 33.Kxf1 Rxb2 34.a3 Ra2 35.Rc1 Rxa3
36.Rc8+ Kf7 37.Ke2 b4 38.Rc7+ Kf8 39.Rc8+ Ke7 40.Rc7+ Kd6 41.Rg7 b3  0-1

[Event "11th ECU Club Cup w"]
[Site "Feugen AUT"]
[Date "2006.10.09"]
[Round "2"]
[White "Lomineishvili,M"]
[Black "Mkrtchian,L"]
[Result "1/2-1/2"]
[WhiteElo "2382"]
[BlackElo "2468"]

1.d4 d5 2.c4 e6 3.Nc3 Be7 4.Nf3 Nf6 5.Bf4 O-O 6.e3 Nbd7 7.a3 c5 8.dxc5 Nxc5
9.cxd5 Nxd5 10.Nxd5 Qxd5 11.Qxd5 exd5 12.Be2 Bf5 13.Nd4 Be4 14.O-O Na4 15.Rfc1 Rac8
16.Rxc8 Rxc8 17.Bg4 Rc5 18.b4 Rc4 19.Be2 Rc8 20.Bg4 Rc4 21.Be2 Rc8 22.Bg4  1/2-1/2

[Event "22nd ECU Club Cup"]
[Site "Feugen AUT"]
[Date "2006.10.11"]
[Round "4"]
[White "Khalifman,A"]
[Black "David,Alb"]
[Result "1/2-1/2"]
[WhiteElo "2622"]
[BlackElo "2534"]

1.d4 Nf6 2.c4 e6 3.Nf3 d5 4.Nc3 Be7 5.Bf4 O-O 6.e3 c5 7.dxc5 Bxc5 8.a3 Nc6
9.cxd5 Nxd5 10.Nxd5 exd5 11.Bd3 Bb6 12.O-O Bg4 13.h3 Bh5 14.b4 a6 15.Be2 Re8
16.Ra2 Qd7 17.Ne5 Nxe5 18.Bxh5 Qf5 19.Rd2 Rad8 20.Bf3 d4  1/2-1/2

[Event "22nd ECU Club Cup"]
[Site "Feugen AUT"]
[Date "2006.10.11"]
[Round "4"]
[White "Schandorff,L"]
[Black "Becker,Mart"]
[Result "1-0"]
[WhiteElo "2534"]
[BlackElo "2315"]

1.d4 d5 2.c4 e6 3.Nf3 Nf6 4.Nc3 Be7 5.Bf4 O-O 6.e3 Nbd7 7.a3 c5 8.cxd5 Nxd5
9.Nxd5 exd5 10.dxc5 Nxc5 11.Be5 Bf5 12.Be2 a5 13.O-O a4 14.Rc1 Be4 15.Nd4 Bd6
16.Bxd6 Qxd6 17.Qd2 Rfd8 18.Rfd1 Rac8 19.f3 Bg6 20.Rc3 b6 21.Bb5 Qf6 22.Ne2 Bf5
23.Qd4 Qe7 24.Nf4 Be6 25.Bxa4 Nxa4 26.Qxa4 Rxc3 27.bxc3 Qc5 28.Qd4 Ra8 29.a4 h6
30.Rb1 Ra6 31.Rb4 Kf8 32.Qe5 Qc6 33.h3 Rxa4 34.Nxe6+ fxe6 35.Qf4+  1-0

[Event "22nd ECU Club Cup"]
[Site "Feugen AUT"]
[Date "2006.10.11"]
[Round "4"]
[White "Agrest,E"]
[Black "Kveinys,A"]
[Result "1/2-1/2"]
[WhiteElo "2557"]
[BlackElo "2540"]

1.d4 d5 2.c4 e6 3.Nc3 Be7 4.Nf3 Nf6 5.Bf4 O-O 6.e3 Nbd7 7.a3 c5 8.cxd5 Nxd5
9.Nxd5 exd5 10.dxc5 Nxc5 11.Be5 Bg4 12.Be2 Bf6 13.Bxf6 Qxf6 14.Qd4 Qxd4 15.Nxd4 Bxe2
16.Kxe2 Ne6 17.Rhd1 Rfc8 18.Nf5 Rc2+ 19.Rd2 Rxd2+ 20.Kxd2 g6 21.Nd4 Rc8 22.Re1 Kf8
23.b4 Nxd4 24.exd4 Rc4 25.Kd3 a5 26.bxa5  1/2-1/2

[Event "56th TCh-BUL"]
[Site "Sunny Beach BUL"]
[Date "2006.10.11"]
[Round "7"]
[White "Genov,Peta"]
[Black "Georgiev,Ves"]
[Result "1/2-1/2"]
[WhiteElo "2479"]
[BlackElo "2327"]

1.d4 d5 2.c4 e6 3.Nc3 Be7 4.Nf3 Nf6 5.Bf4 O-O 6.e3 c5 7.dxc5 Bxc5 8.Qc2 Qa5
9.Be2 Nc6 10.O-O dxc4 11.Bxc4 Be7 12.h3 a6 13.a3 b5 14.Bd3 Bb7 15.e4 Nh5
16.Bh2 g6 17.e5 Rac8 18.Qe2 Rcd8 19.Qe3 Nb8 20.Be4 Bxe4 21.Nxe4 Nd7 22.Rad1 Qb6
23.Qh6 f6 24.g4 Qb7 25.exf6 Nhxf6 26.Nfg5 Nc5 27.Rxd8 Rxd8 28.Nxc5 Bxc5 29.Bg3 Ne4
30.Nxe4 Qxe4 31.Qc1 Bd4 32.Kh2 Be5  1/2-1/2

[Event "WJun"]
[Site "Yerevan ARM"]
[Date "2006.10.11"]
[Round "8"]
[White "Kalashian,D"]
[Black "Skrondal,I"]
[Result "1-0"]
[WhiteElo "2381"]
[BlackElo "2134"]

1.d4 Nf6 2.c4 e6 3.Nf3 d5 4.Nc3 Be7 5.Bf4 c6 6.e3 Nbd7 7.cxd5 Nxd5 8.Nxd5 exd5
9.Bd3 Nf6 10.O-O Bg4 11.b4 Nh5 12.Be5 f6 13.h3 Bxh3 14.Ng5 g6 15.Nxh7 fxe5
16.Bxg6+ Kd7 17.Qxh5 Be6 18.dxe5 Qb6 19.Bf5  1-0

[Event "Autumn Cup"]
[Site "Bucharest ROM"]
[Date "2006.10.12"]
[Round "2"]
[White "Shishkin,Va UKR"]
[Black "Lajthajm,B"]
[Result "1/2-1/2"]
[WhiteElo "2484"]
[BlackElo "2519"]

1.d4 d5 2.c4 e6 3.Nf3 Nf6 4.Nc3 Be7 5.Bf4 a6 6.c5 Nc6 7.h3 O-O 8.e3 b6 9.cxb6 cxb6
10.Bd3 Bb7 11.O-O Rc8 12.Rc1 b5 13.a4 b4 14.Nb1 Na5 15.Nbd2 Qb6 16.Qe2 Ne4
17.Bxe4 dxe4 18.Ne5 Qd8 19.Rxc8 Qxc8 20.Nec4 Nxc4 21.Nxc4 Bc6 22.b3 Bd5 23.Rc1  1/2-1/2

[Event "22nd ECU Club Cup"]
[Site "Feugen AUT"]
[Date "2006.10.12"]
[Round "5"]
[White "Gabriel,Ch"]
[Black "Idrizaj,A"]
[Result "1-0"]
[WhiteElo "2540"]
[BlackElo "2249"]

1.d4 d5 2.c4 e6 3.Nf3 Nf6 4.Nc3 Be7 5.Bf4 O-O 6.e3 c5 7.dxc5 Bxc5 8.Qc2 Bb4
9.Bd3 dxc4 10.Bxc4 Nc6 11.O-O Qa5 12.Ne4 Be7 13.Rfd1 Nb4 14.Qb1 b5 15.Bb3 Bb7
16.Nxf6+ Bxf6 17.e4 Rfd8 18.Bd2  1-0

[Event "Vasylyshyn Mem"]
[Site "Lviv UKR"]
[Date "2006.10.12"]
[Round "9"]
[White "Maiorov,N"]
[Black "Aveskulov,V"]
[Result "1/2-1/2"]
[WhiteElo "2481"]
[BlackElo "2495"]

1.d4 d5 2.c4 e6 3.Nf3 Nf6 4.Nc3 Be7 5.Bf4 O-O 6.e3 c5 7.dxc5 Bxc5 8.a3 Nc6
9.Qc2 Qa5 10.Rd1 Be7 11.Be2 Ne4 12.cxd5 Nxc3 13.bxc3 exd5 14.O-O Be6 15.a4 Rfc8
16.Rb1 Nd8 17.Be5 Nc6 18.Rb5 Qd8 19.Bf4 b6 20.Qd2 Na5 21.Nd4 Nc4 22.Qa2 Nd6
23.Nxe6 fxe6 24.Bxd6 Bxd6 25.c4 Kh8 26.cxd5 e5 27.Rbb1 Qg5 28.Rbc1 Rf8 29.Qc4 Bc5
30.Qe4 Rad8 31.g3 g6 32.Kg2 Qf5 33.Bd3 Kg7 34.Rc2 Qxe4+ 35.Bxe4 Kf6 36.h4 Ke7
37.h5 Kf6 38.Rh1 Kg7 39.hxg6 hxg6 40.Rhc1 Kf6 41.a5 Rd6 42.Rh1 Kg7 43.Rh4 Rh8
44.Rxh8 Kxh8 45.Kf3 Kg7 46.Ke2 Kf6 47.Kd3 Bb4 48.axb6 axb6 49.Rc8 Bc5 50.Kc4 Kf7
51.Rc7+ Kf6 52.Rc6 Kf7 53.Kb5 g5 54.Rc7+ Kf8 55.Rc8+ Kf7 56.Ra8 Rf6 57.Ra2 Ke7
58.Kc4 Rf8 59.Kd3 Kf6 60.Ra7 Rf7 61.Ra1 Kg7 62.Ke2 Rf8 63.Rh1 Rh8 64.Ra1 Rf8
65.Bg2 Bd6 66.Ra2 Bc5 67.Kd3 Rh8 68.Bf3 Kf6 69.Bg4 Rh7 70.Ke4 Rh2 71.Be6 Bb4
72.Ra7 Be7 73.Rb7 Rxf2 74.Rxb6 Bd8 75.Rd6 Bc7 76.Rd7 Rc2 77.Rf7+ Kg6 78.Kd3 Rc5
79.Rd7 Kf6 80.g4 Ba5 81.Rf7+ Kg6 82.Ke4 Rc4+ 83.Kxe5 Bc3+ 84.Kd6 Rxg4 85.Rf1 Ra4
86.e4 Ra6+ 87.Ke7 Ra7+ 88.Bd7 g4 89.Rg1 Kh5 90.d6 Be5 91.Ke6 Bf4 92.Be8+ Kh4
93.d7 Bc7 94.Ke7 Ra8 95.Bg6 g3 96.Bf5 Kg5 97.Bh3 Kf4 98.Rc1 Bd8+ 99.Kf7 Ra2
100.Ke8 Bb6 101.Rc6 Ra8+ 102.Kf7 Ba5 103.Rc8 Ra7 104.Rc5 g2 105.Bxg2 Rxd7+
106.Ke6 Ra7 107.e5 Re7+ 108.Kf6 Rxe5 109.Rc4+ Kg3 110.Kxe5 Kxg2 111.Kf4 Bb6
112.Rc2+ Kh1 113.Rc6 Bg1 114.Rc2 Bh2+ 115.Kf3 Bg1 116.Rc1  1/2-1/2

[Event "TCh-NED 2006-7"]
[Site "Netherlands NED"]
[Date "2006.10.14"]
[Round "2"]
[White "Van der Vliet,F"]
[Black "Van Beek,L"]
[Result "1/2-1/2"]
[WhiteElo "2284"]
[BlackElo "2345"]

1.d4 Nf6 2.c4 e6 3.Nf3 d5 4.Nc3 Be7 5.Bf4 O-O 6.e3 c5 7.dxc5 Bxc5 8.Qc2 Qa5
9.a3 Nc6 10.Rd1 Rd8 11.Nd2 e5 12.Bg5 dxc4 13.Nxc4 Qc7 14.Bd3 Be6 15.Bxf6 gxf6
16.Bxh7+ Kg7 17.Nd2 Be7 18.Bf5 Nd4 19.exd4 exd4 20.Bxe6 dxc3 21.O-O fxe6
22.Ne4 Rxd1 23.Rxd1 Rd8 24.Rxd8 cxb2 25.Qxb2 Qxd8 26.g3 Qd1+ 27.Kg2 Qd5 28.f3 b6
29.a4 Qc4 30.Qb5 Qxb5 31.axb5 f5 32.Nd2 Kf6 33.f4 e5 34.Kf3 Ke6 35.Nc4 exf4
36.Kxf4 Bf8 37.Kg5 Bc5 38.Kf4 Bf8  1/2-1/2

[Event "70th Jubilee"]
[Site "Obro DEN"]
[Date "2006.10.15"]
[Round "2"]
[White "Brondum,E"]
[Black "Glud,J"]
[Result "0-1"]
[WhiteElo "2175"]
[BlackElo "2418"]

1.d4 d5 2.Nf3 Nf6 3.c4 e6 4.Nc3 Be7 5.Bf4 O-O 6.e3 c5 7.dxc5 Bxc5 8.Qc2 Nc6
9.Rd1 Qa5 10.Be2 dxc4 11.Bxc4 a6 12.O-O b5 13.Be2 Nb4 14.Qb1 Qb6 15.Ng5 h6
16.Nge4 Nxe4 17.Nxe4 Nd5 18.Nxc5 Nxf4 19.exf4 Qxc5 20.Qe4 Rb8 21.Bd3 g6 22.Rc1 Qd5
23.Qxd5 exd5 24.Rfe1 Kg7 25.Rc7 Rb6 26.Ree7 Re6 27.f3 Kf6 28.Rxe6+ Kxe6 29.Kf2 Kd6
30.Ra7 Kc6 31.Re7 Kd6 32.Ra7 Kc6 33.Re7 Bd7 34.b4 Kd6 35.Re2 a5 36.bxa5 Ra8
37.Bc2 Rxa5 38.Bb3 b4 39.Ke3 Ba4 40.Kd4 Bxb3 41.axb3 Ra1 42.Rc2 Rd1+ 43.Ke3 Rb1
44.Rc8 Rxb3+ 45.Kd4 Rb2 46.Rd8+ Kc7 47.Rf8 Kd6 48.Rd8+ Ke7 49.Rb8 Rd2+ 50.Kc5 Rxg2
51.Kxd5 Rxh2 52.Rxb4 Kf6  0-1